Ekonomický význam kúpeľníctva diplomová práca

Uložené v:
Podrobná bibliografia
Hlavný autor: Kopuníková, Simona
Korporativný autor: Obchodná fakulta EU. Katedra služieb a cestovného ruchu - zrušené
Ďalší autori: Eliašová, Darina
Médium: Kniha
Jazyk:Slovak
Vydavateľské údaje: Bratislava 2018
Tagy: Pridať tag
Žiadne tagy, Buďte prvý, kto otaguje tento záznam!

MARC

LEADER 00000nbm a2200000 4500
001 0243433
005 20180904143100.3
041 0 |a slo 
044 |a SK 
245 1 0 |a Ekonomický význam kúpeľníctva  |b diplomová práca  |c Simona Kopuníková ; školiteľ: Darina Eliašová 
264 1 |a Bratislava  |c 2018 
300 |a 80 s. 
100 1 |a Kopuníková, Simona 
700 1 |a Eliašová, Darina 
710 2 |a Obchodná fakulta EU. Katedra služieb a cestovného ruchu - zrušené